MARC

LEADER 00000nam0a2200000 4500
001 42289
005 20231031015216.0
010 |a 5222009793 
035 |a (RuTPU)RU\TPU\book\43541 
090 |a 42289 
100 |a 20020828d2001 m y0rusy50 ca 
101 0 |a rus 
102 |a RU 
105 |a a j 001zy 
200 1 |a Современная экономика  |e Лекционный курс  |e Многоуровневое учебное пособие для вузов  |f науч. ред. О. Ю. Мамедов 
205 |a 3-е изд., доп. 
210 |a Ростов-на-Дону  |c Феникс  |d 2001 
215 |a 544 с.  |c ил. 
320 |a Хронологический указ.: с. 540-543. 
610 1 |a экономика 
610 1 |a экономическая теория 
610 1 |a производство 
610 1 |a ресурсы 
610 1 |a рыночная экономика 
610 1 |a микроэкономика 
610 1 |a спрос 
610 1 |a предложение 
610 1 |a равновесная цена 
610 1 |a потребительское поведение 
610 1 |a конкуренция 
610 1 |a монополия 
610 1 |a теневая экономика 
610 1 |a деньги 
610 1 |a цены 
610 1 |a инфляция 
610 1 |a макроэкономика 
610 1 |a фазы 
610 1 |a циклы 
610 1 |a регулирование 
610 1 |a государственные финансы 
610 1 |a налоги 
610 1 |a предприятия 
610 1 |a общественный сектор 
610 1 |a издержки 
610 1 |a Россия 
610 1 |a рыночные реформы 
610 1 |a монеты 
610 1 |a банкноты 
610 1 |a история 
610 1 |a экономическая мысль 
610 1 |a учебные пособия 
686 |a У011я73  |v LBC/SL-A  |2 rubbk 
702 1 |a Мамедов  |b О. Ю.  |4 340 
801 1 |a RU  |b 63413507  |c 20020828  |g PSBO 
801 2 |a RU  |b 63413507  |c 20190313  |g PSBO 
942 |c BK